000
00307 a2200121 4500
040
_a
DLC
_b
DLC
100
_a
Naseem Hijazi
245
_a
Shaheen
_c
Naseem Hijazi
_h
(urdu)
260
_a
Lahore:
_b
Jahangir Book Depu,
_c
2005.
300
_a
527 p. ;
_c
24 cm.
650
_a
Urdu literature--Noval
942
_c
BK
_2
ddc
999
_c
486661
_d
486661